000 01573 am a2200229 a 4500
005 20240815115419.0
008 100330s1997||||sp g0f s sp spa d
020 _a8440676263
041 _aspa
092 _c860.3
_l91
_sVAZ
100 1 _aVázquez-Rial, Horacio.
_9368
245 3 _aEl soldado de porcelana /
_cHoracio Vázquez-Rial.
250 _a1a ed. 2a reimp.
260 _aBarcelona:
_bGrupo Zeta;
_c1997.
300 _a861 p.
500 _aVázquez-Rial, H. (1997). El soldado de porcelana. (1a ed.). Barcelona : Grupo Z.
505 _aSe llamaba Gustavo Durán. Una trampa le arrebató a su madre. Fue compositor de piano mientras pudo creer en su propio talento. Lorca, Hemingway y Gil de Biedma lo amaron. Alcanzó el grado de General del Ejercito Republicano en la Guerra Civil española. Nunca se pudo probar que fuera espía soviético, mientras que sí parece obvia su relación con los Roosevelt y con Rockefeller, para quienes se convirtió en algo más que informador, primero en La Habana y luego en Buenos Aires. Franco y McCarthy lo persiguieron. Representó a la ONU en el proceso de independencia del Congo Belga. Murió en Atenas, lejos de la España que había decidido ignorar su memoria. Una vida marcada por el drama, tan intensa, no soporta los límites de la biografía; e tal la magnitud de las historias que la pueblan, que sólo con el aporte de la imaginación, sólo en el territorio de la novela, resulta verosímil.
590 _aDonación Verónica Schiariti, 2008
655 _aNovela
_93091
930 _a1925
942 _2ddc
_cBK
999 _c195
_d195